Mujer y participación política en Centro América. Declaración de Tegucigalpa
Furkejuvvon:
| Materiálatiipa: | Texto |
|---|---|
| Giella: | Spanish |
| Fáttát: | |
| Fáddágilkorat: |
Lasit fáddágilkoriid
Eai fáddágilkorat, Lasit vuosttaš fáddágilkora!
|
MARC
| LEADER | 00000 a a2200000 04500 | ||
|---|---|---|---|
| 001 | 11213 | ||
| 003 | cru IIS | ||
| 005 | 20221017102219.0 | ||
| 008 | 221017b |||||||| |||| 00| 0 spa d | ||
| 040 | |c cru IIS | ||
| 245 | |a Mujer y participación política en Centro América. Declaración de Tegucigalpa | ||
| 500 | |a Colección Centroamérica | ||
| 650 | |a MUJERES | ||
| 650 | |a PARTICIPACION POLITICA | ||
| 650 | |a POBLACION | ||
| 650 | |a PARTIDOS POLITICOS | ||
| 650 | |a ORGANIZACIONES INTERNACIONALES | ||
| 650 | |a POLITICA | ||
| 651 | 0 | |9 308 |a CENTROAMERICA | |
| 773 | |g número 48 -49; páginas 73-74 | ||
| 773 | 0 | |0 43286 |9 6075 |a Instituto Centroamericano de Estudios Políticos |d Guatemala: Instituto Centroamericano de Estudios Políticos, 1986- |o 14242 |t Panorama Centroamericano: | |
| 942 | |2 ddc |c PP | ||
| 999 | |c 38942 |d 38942 | ||
